[Event "Yerevan op-A 4th"]
[Site "Yerevan"]
[Date "2022.10.11"]
[Round "2"]
[White "Derbenev, Andrey"]
[Black "Paravyan, David"]
[Result "1/2-1/2"]
[WhiteElo "2350"]
[BlackElo "2589"]
[PlyCount "143"]
[EventDate "2022.10.10"]
[EventType "swiss"]
[EventRounds "9"]
[EventCountry "ARM"]
[SourceTitle "CBM 210 Extra"]
[Source "ChessBase"]
[SourceDate "2022.11.30"]
[SourceVersion "1"]
[SourceVersionDate "2022.11.30"]
[SourceQuality "1"]

1. e4 e5 2. Nf3 Nf6 3. d4 Nxe4 4. Bd3 d5 5. Nxe5 Nd7 6. Nc3 Nxc3 7. bxc3 Bd6 8. 0-0 0-0 9. Re1 Bxe5 10. dxe5 Re8 11. f4 Nc5 12. Qh5 Nxd3 13. cxd3 Qd7 14. h3 d4 15. c4 b5 16. Qf3 Rb8 17. c5 Bb7 18. Qf2 Qf5 19. Bb2 h5 20. e6 Rxe6 21. Rxe6 Qxe6 22. Re1 Qc6 23. Re5 f6 24. Rxh5 Qe8 25. Rh4 Qe3 26. Bxd4 Qxf2+ 27. Kxf2 b4 28. c6 Bxc6 29. Rh5 Rd8 30. Ke3 Bxg2 31. Bxa7 Ra8 32. Ra5 Bxh3 33. Kd4 Be6 34. Kc5 Bxa2 35. Kxb4 Bd5 36. Kc5 Bg2 37. d4 Rd8 38. Kc4 Re8 39. Ra2 Bf3 40. Rf2 Bh1 41. Rf1 Bb7 42. Rb1 Ba6+ 43. Kd5 Kf7 44. Bb8 Bd3 45. Rb4 Be4+ 46. Kc5 c6 47. Bd6 Ra8 48. Rb7+ Kg6 49. Kc4 Ra4+ 50. Kc5 Ra5+ 51. Kc4 Ra4+ 52. Kc5 Bd5 53. Rb4 Rxb4 54. Kxb4 Kf5 55. Kc3 Ke4 56. Kd2 g5 57. fxg5 fxg5 58. Bc5 Kf3 59. Ke1 Bc4 60. Be7 g4 61. Bd6 Bb5 62. Bc7 Ba6 63. Bd6 Bc4 64. Bc7 Kg2 65. Bd6 Bb5 66. Bc7 Bd3 67. Kd2 Bf5 68. Ke3 g3 69. Bd6 Be6 70. Bc7 Bd5 71. Bd6 Kh3 72. Bc7 1/2-1/2

[Event "PRO League Stage"]
[Site "Chess.com INT"]
[Date "2017.02.11"]
[Round "5"]
[White "Derbenev, Andrey"]
[Black "Smith, Bryan G"]
[Result "0-1"]
[WhiteElo "2376"]
[BlackElo "2423"]
[PlyCount "128"]
[EventDate "2017.01.11"]
[EventType "team-swiss (rapid)"]
[EventRounds "7"]
[EventCountry "USA"]
[SourceTitle "CBM 176 Extra"]
[Source "ChessBase"]
[SourceDate "2017.03.02"]
[SourceVersion "1"]
[SourceVersionDate "2017.03.02"]
[SourceQuality "1"]
[WhiteTeam "Gorky Stormbringers"]
[BlackTeam "Philadelphia Inventors"]
[WhiteTeamCountry "RUS"]
[BlackTeamCountry "UAE"]

1. d4 Nf6 2. c4 g6 3. Nc3 Bg7 4. e4 d6 5. Be2 0-0 6. Nf3 e5 7. d5 a5 8. h3 Na6 9. Be3 Nd7 10. g4 Ndc5 11. g5 f5 12. gxf6 Qxf6 13. a3 a4 14. Nd2 Bh6 15. Nf3 Bxe3 16. fxe3 Nb3 17. Rb1 Nac5 18. Qc2 Bd7 19. Kf2 Qh4+ 20. Kg2 Qh6 21. Kf2 Rf7 22. Rbg1 Raf8 23. Rg3 Nd4 24. Qd1 Nxe2 25. Qxe2 Qh5 26. Kg2 Kh8 27. Rh2 Nd3 28. Rh1 Nc5 29. Re1 h6 30. Rh1 g5 31. Qd1 Qg6 32. Qc2 Rf6 33. Rh2 Qf7 34. Qe2 Be8 35. Qd1 Qh7 36. Nd2 Rf2+ 37. Kg1 Qf7 38. Rgg2 Rf6 39. Qe2 Qg6 40. Rf2 Qg7 41. Rxf6 Rxf6 42. Rf2 Bg6 43. Rxf6 Qxf6 44. Qf2 Qxf2+ 45. Kxf2 Nd3+ 46. Ke2 Nxb2 47. Nb5 Bh5+ 48. Kf1 Kg7 49. Nxc7 Kf7 50. Nb5 Ke7 51. Nc3 Be8 52. c5 dxc5 53. Nf3 Kd6 54. Ke2 b5 55. Kd2 Nc4+ 56. Kd3 Nxa3 57. h4 b4 58. Nh2 Bb5+ 59. Nxb5+ Nxb5 60. h5 b3 61. Ng4 c4+ 62. Kd2 c3+ 63. Kc1 b2+ 64. Kc2 Na3+ 0-1

[Event "PRO League Eastern"]
[Site "Chess.com INT"]
[Date "2017.01.25"]
[Round "3"]
[White "Derbenev, Andrey"]
[Black "Klimakovs, Sergejs"]
[Result "0-1"]
[WhiteElo "2376"]
[BlackElo "2300"]
[PlyCount "94"]
[EventDate "2017.01.11"]
[EventType "team-swiss (rapid)"]
[EventRounds "7"]
[EventCountry "USA"]
[SourceTitle "CBM 176 Extra"]
[Source "ChessBase"]
[SourceDate "2017.03.02"]
[SourceVersion "1"]
[SourceVersionDate "2017.03.02"]
[SourceQuality "1"]
[WhiteTeam "Gorky Stormbringers"]
[BlackTeam "Riga Magicians"]
[WhiteTeamCountry "RUS"]
[BlackTeamCountry "LAT"]

1. d4 Nf6 2. Bg5 Ne4 3. Bf4 c5 4. f3 Nf6 5. dxc5 Qa5+ 6. Nc3 Qxc5 7. e4 g6 8. Qd2 Bg7 9. Nge2 Nc6 10. 0-0-0 Qa5 11. Bh6 Bxh6 12. Qxh6 d6 13. Nf4 Be6 14. Nxe6 fxe6 15. Bc4 e5 16. Qh3 Nd4 17. Kb1 Qc5 18. Bd3 Rc8 19. Nb5 Nxb5 20. Bxb5+ Kf7 21. Ba4 Kg7 22. Qe6 Rc7 23. Bb3 Rf8 24. Rd3 Qf2 25. g3 b5 26. Rc3 Rb7 27. a3 a5 28. Rc8 Qxf3 29. Rxf8 Qxh1+ 30. Ka2 Qxh2 31. Rf7+ Kh6 32. Rxe7 Rxe7 33. Qxe7 Kg5 34. Qxd6 Qxg3 35. Qd2+ Qf4 36. Qxa5 h5 37. Qxb5 h4 38. Be6 Nxe4 39. a4 Kf6 40. Bc8 Nd6 41. Qc6 Qd4 42. c3 Qc4+ 43. Qxc4 Nxc4 44. Bh3 e4 45. b3 e3 46. Bf1 h3 47. bxc4 h2 0-1

[Event "Kirov-ch"]
[Site "Kirov"]
[Date "2016.04.09"]
[Round "9"]
[White "Derbenev, Andrey"]
[Black "Shipitsyn, Pavel"]
[Result "1-0"]
[WhiteElo "2374"]
[BlackElo "1883"]
[PlyCount "79"]
[EventDate "2016.04.01"]
[EventType "swiss"]
[EventRounds "9"]
[EventCountry "RUS"]
[SourceTitle "CBM 172 Extra"]
[Source "ChessBase"]
[SourceDate "2016.06.21"]
[SourceVersion "1"]
[SourceVersionDate "2016.06.21"]
[SourceQuality "1"]

1. e4 c5 2. Nf3 d6 3. d4 cxd4 4. Nxd4 Nf6 5. Nc3 a6 6. Bg5 e6 7. f4 Be7 8. Qf3 Qc7 9. 0-0-0 Nc6 10. Nxc6 Qxc6 11. Qg3 b5 12. e5 b4 13. exf6 gxf6 14. Nd5 exd5 15. Bh4 Bf5 16. Bd3 Be4 17. Qg7 Rc8 18. Kb1 b3 19. Bxe4 dxe4 20. cxb3 Qc2+ 21. Ka1 Rf8 22. Bxf6 e3 23. Bxe7 Kxe7 24. Qd4 Qc5 25. Qxc5 Rxc5 26. Rhe1 Rfc8 27. Rxe3+ Kd7 28. a3 Rc1+ 29. Rxc1 Rxc1+ 30. Ka2 Rc2 31. Rg3 a5 32. Rg5 Ke6 33. Rxa5 Rxg2 34. Rh5 d5 35. b4 d4 36. Kb3 d3 37. Rxh7 d2 38. Kc2 Kd5 39. Rxf7 Rxh2 40. Rd7+ 1-0

[Event "Kirov-ch"]
[Site "Kirov"]
[Date "2016.04.06"]
[Round "6"]
[White "Bulavin, Alexander"]
[Black "Derbenev, Andrey"]
[Result "0-1"]
[WhiteElo "2303"]
[BlackElo "2374"]
[PlyCount "110"]
[EventDate "2016.04.01"]
[EventType "swiss"]
[EventRounds "9"]
[EventCountry "RUS"]
[SourceTitle "CBM 172 Extra"]
[Source "ChessBase"]
[SourceDate "2016.06.21"]
[SourceVersion "1"]
[SourceVersionDate "2016.06.21"]
[SourceQuality "1"]

1. Nf3 d5 2. d4 c6 3. c3 Bg4 4. Qb3 Qc8 5. Ne5 Bh5 6. Bf4 f6 7. Nd3 Bf7 8. Nd2 Nd7 9. e3 c5 10. Nxc5 Nxc5 11. dxc5 e5 12. Bb5+ Kd8 13. Bg3 Bxc5 14. 0-0-0 Ke7 15. Qc2 Nh6 16. Bd3 g6 17. h3 Be6 18. Bh2 Qc6 19. Rhe1 Rac8 20. Kb1 b5 21. Nb3 b4 22. Nxc5 Qxc5 23. cxb4 Qxb4 24. Qd2 Rb8 25. Qxb4+ Rxb4 26. Rc1 Rhb8 27. Re2 R8b7 28. Rec2 Bf5 29. Bxf5 Nxf5 30. Rc7+ Ke6 31. Rxb7 Rxb7 32. Rc6+ Ke7 33. g4 Nd6 34. g5 Kd7 35. Ra6 Nc4 36. b3 Nd2+ 37. Kc1 Nf3 38. Bg3 fxg5 39. Rf6 Ke7 40. Rxf3 e4 41. Bd6+ Kxd6 42. Rf6+ Ke5 43. Rf8 a6 44. Kd1 Rb6 45. Re8+ Re6 46. Rh8 h5 47. Rg8 h4 48. Ke2 Rc6 49. Kf1 d4 50. Re8+ Kd5 51. Rd8+ Rd6 52. Rxd6+ Kxd6 53. exd4 Kd5 54. f3 exf3 55. Kf2 g4 0-1

[Event "Moscow op-A"]
[Site "Moscow"]
[Date "2016.02.02"]
[Round "4"]
[White "Sviridov, Valery"]
[Black "Derbenev, Andrey"]
[Result "1/2-1/2"]
[WhiteElo "2511"]
[BlackElo "2367"]
[PlyCount "110"]
[EventDate "2016.01.30"]
[EventType "swiss"]
[EventRounds "9"]
[EventCountry "RUS"]
[SourceTitle "CBM 170 Extra"]
[Source "ChessBase"]
[SourceDate "2016.02.25"]
[SourceVersion "1"]
[SourceVersionDate "2016.02.25"]
[SourceQuality "1"]

1. g3 d5 2. Bg2 c6 3. d3 Nf6 4. Nd2 e5 5. Ngf3 Bd6 6. e4 0-0 7. 0-0 Bg4 8. h3 Bh5 9. exd5 cxd5 10. Re1 Nc6 11. c4 dxc4 12. Nxc4 Bb4 13. Rf1 Re8 14. a3 Bf8 15. g4 Bg6 16. Re1 Qc7 17. Nh4 Rad8 18. Nxg6 hxg6 19. Bg5 Nd4 20. Rc1 Qb8 21. Bh4 b5 22. Na5 e4 23. Bxe4 Nxe4 24. dxe4 Qf4 25. Rc3 Rxe4 26. Rxe4 Qxe4 27. Re3 Ne2+ 28. Qxe2 Qb1+ 29. Kh2 Rd1 30. Qf3 Bd6+ 31. Bg3 Bxg3+ 32. Kxg3 Rh1 33. g5 Rg1+ 34. Kh2 Rxg5 35. Qa8+ Kh7 36. Rg3 Rxg3 37. Kxg3 Qxb2 38. Qf3 Qe5+ 39. Kg2 Qg5+ 40. Qg3 Qd5+ 41. Kh2 g5 42. Qe3 a6 43. Kg1 g4 44. hxg4 Qd1+ 45. Kh2 Qxg4 46. Qh3+ Qxh3+ 47. Kxh3 Kg6 48. Nc6 Kf5 49. Kg3 Ke4 50. Kg4 f6 51. Kg3 f5 52. f3+ Ke3 53. f4 Ke4 54. Nb4 a5 55. Nc6 a4 1/2-1/2

[Event "Kirov Arakelian Memorial-A 5th"]
[Site "Kirov"]
[Date "2015.05.10"]
[Round "6"]
[White "Derbenev, Andrey"]
[Black "Dvinskikh, Leonid"]
[Result "1-0"]
[WhiteElo "2359"]
[BlackElo "2078"]
[PlyCount "57"]
[EventDate "2015.05.03"]
[EventType "tourn"]
[EventRounds "7"]
[EventCountry "RUS"]
[SourceTitle "EXT 2018"]
[Source "ChessBase"]
[SourceDate "2017.10.13"]
[SourceVersion "1"]
[SourceVersionDate "2017.10.13"]
[SourceQuality "1"]

1. e4 e5 2. f4 exf4 3. Nf3 d5 4. exd5 Nf6 5. Bb5+ c6 6. dxc6 bxc6 7. Bc4 Bd6 8. Qe2+ Qe7 9. Qxe7+ Bxe7 10. d4 Nh5 11. 0-0 0-0 12. Ne5 g5 13. g3 Bh3 14. Rf2 Be6 15. gxf4 Bxc4 16. Nxc4 Rd8 17. c3 c5 18. d5 Nxf4 19. Bxf4 gxf4 20. Rd2 Nd7 21. Nba3 Nf6 22. d6 Bf8 23. Re1 Rd7 24. Nb5 Rb8 25. a4 a6 26. Nc7 Rbd8 27. Rg2+ Bg7 28. Nxa6 Rc8 29. Re5 1-0

[Event "Kirov Arakelian Memorial-B 4th"]
[Site "Kirov"]
[Date "2014.05.03"]
[Round "6"]
[White "Derbenev, Andrey"]
[Black "Savinykh, Sergey"]
[Result "0-1"]
[WhiteElo "2349"]
[BlackElo "2173"]
[PlyCount "92"]
[EventDate "2014.04.30"]
[EventType "tourn"]
[EventRounds "9"]
[EventCountry "RUS"]
[SourceTitle "EXT 2015"]
[Source "ChessBase"]
[SourceDate "2014.11.20"]
[SourceVersion "1"]
[SourceVersionDate "2014.11.20"]
[SourceQuality "1"]

1. d4 Nf6 2. Bg5 Ne4 3. Bf4 g6 4. f3 Nf6 5. e4 d6 6. Qd2 Nc6 7. Bb5 Bd7 8. Ne2 Bg7 9. Bh6 Bxh6 10. Qxh6 e5 11. Bxc6 Bxc6 12. dxe5 dxe5 13. Nbc3 Qd6 14. Rd1 Qc5 15. a3 a5 16. Nc1 Nd7 17. Nb3 Qb6 18. Nd5 Bxd5 19. Rxd5 c6 20. Rd1 0-0-0 21. Ke2 a4 22. Nd2 Qxb2 23. Rb1 Qc3 24. Qe3 Qxe3+ 25. Kxe3 Nc5 26. Nc4 f6 27. Rhd1 Kc7 28. g3 b5 29. Nb2 Rxd1 30. Nxd1 Rd8 31. Nf2 f5 32. exf5 gxf5 33. g4 f4+ 34. Ke2 Rd4 35. g5 Rc4 36. Rb2 Ne6 37. Ne4 Nd4+ 38. Kf2 Rxc2+ 39. Rxc2 Nxc2 40. h4 Nxa3 41. h5 Nc4 42. g6 hxg6 43. h6 a3 44. Nc3 Nd6 45. Ke2 b4 46. Ne4 Nf7 0-1

[Event "Kirov Region-ch"]
[Site "Kirov"]
[Date "2013.10.18"]
[Round "8"]
[White "Derbenev, Andrey"]
[Black "Trifonov, Pavel"]
[Result "1-0"]
[WhiteElo "2322"]
[BlackElo "2230"]
[PlyCount "103"]
[EventDate "2013.10.11"]
[EventType "swiss"]
[EventRounds "9"]
[EventCountry "RUS"]
[SourceTitle "EXT 2014"]
[Source "ChessBase"]
[SourceDate "2013.11.20"]
[SourceVersion "1"]
[SourceVersionDate "2013.11.20"]
[SourceQuality "1"]

1. d4 d6 2. e4 Nf6 3. Nc3 g6 4. g3 Bg7 5. Bg2 0-0 6. Nge2 e5 7. 0-0 Nbd7 8. h3 c6 9. Be3 Qe7 10. Re1 a6 11. a4 Re8 12. Qd2 Qf8 13. g4 exd4 14. Bxd4 Nc5 15. Ng3 h6 16. Rad1 Kh7 17. Be3 d5 18. exd5 cxd5 19. Bxd5 Nxd5 20. Nxd5 Be6 21. Nc7 Nxa4 22. Nxa8 Rxa8 23. Bd4 Nxb2 24. Bxg7 Qxg7 25. Rb1 Nc4 26. Qf4 b5 27. Ne4 g5 28. Nxg5+ Qxg5 29. Qe4+ Kg7 30. Qxa8 Nd2 31. Rxe6 fxe6 32. Rd1 Qf4 33. Qa7+ Kf6 34. Qe3 Qxe3 35. fxe3 Nc4 36. Kf2 a5 37. c3 a4 38. Ke2 a3 39. h4 Ne5 40. Rf1+ Kg6 41. Rg1 a2 42. g5 hxg5 43. Rxg5+ Kh6 44. Rg1 Nc6 45. Ra1 b4 46. Rxa2 bxc3 47. Ra6 Nb4 48. Rxe6+ Kh5 49. Re5+ Kh6 50. Rc5 c2 51. Rc4 Kh5 52. Kd2 1-0

[Event "Kirov Region-ch"]
[Site "Kirov"]
[Date "2013.10.13"]
[Round "3"]
[White "Derbenev, Andrey"]
[Black "Surnov, Vladimir"]
[Result "1-0"]
[WhiteElo "2322"]
[BlackElo "2181"]
[PlyCount "69"]
[EventDate "2013.10.11"]
[EventType "swiss"]
[EventRounds "9"]
[EventCountry "RUS"]
[SourceTitle "EXT 2014"]
[Source "ChessBase"]
[SourceDate "2013.11.20"]
[SourceVersion "1"]
[SourceVersionDate "2013.11.20"]
[SourceQuality "1"]

1. e4 e6 2. d4 d5 3. Nd2 Nc6 4. Ngf3 Nf6 5. e5 Nd7 6. Be2 f6 7. exf6 Qxf6 8. Nf1 Be7 9. Ne3 0-0 10. 0-0 Qf7 11. Bb5 a6 12. Bxc6 bxc6 13. c4 Bf6 14. Ng4 Qh5 15. Nfe5 Qe8 16. Bf4 Bxe5 17. Bxe5 dxc4 18. Bxc7 a5 19. Bd6 Rf5 20. Ne3 Rb5 21. Nxc4 Ba6 22. Bg3 Rd5 23. Ne3 Bxf1 24. Nxd5 exd5 25. Qxf1 Qe4 26. Qc1 Ra6 27. Qc3 h6 28. Re1 Qg6 29. h3 a4 30. Re7 Qf5 31. Qb4 Qf8 32. Qd6 Nf6 33. Qe6+ Kh7 34. Be5 Kg6 35. g4 1-0

[Event "Privolzhskogo FO-ch"]
[Site "Kazan"]
[Date "2012.03.05"]
[Round "8"]
[White "Derbenev, Andrey"]
[Black "Iliushkin, Evgeny"]
[Result "1-0"]
[WhiteElo "2345"]
[BlackElo "2250"]
[PlyCount "107"]
[EventDate "2012.02.26"]
[EventType "swiss"]
[EventRounds "9"]
[EventCountry "RUS"]
[SourceTitle "CBM 147 Extra"]
[Source "ChessBase"]
[SourceDate "2012.04.24"]
[SourceVersion "1"]
[SourceVersionDate "2012.04.24"]
[SourceQuality "1"]

1. d4 Nf6 2. c4 e6 3. Nc3 Bb4 4. Nf3 0-0 5. Bg5 c5 6. d5 d6 7. e3 e5 8. Nd2 h6 9. h4 hxg5 10. hxg5 Ng4 11. Bd3 f5 12. gxf6 Rxf6 13. Bh7+ Kf8 14. Nde4 Bxc3+ 15. bxc3 Nh6 16. Qh5 Bg4 17. Qg5 Nd7 18. f3 Bf5 19. Rxh6 Bxe4 20. Rxf6+ Qxf6 21. Qxf6+ Nxf6 22. Bxe4 Nxe4 23. fxe4 Ke7 24. a4 Kd7 25. Ke2 Rf8 26. Rh1 Kc7 27. Rh7 Rf7 28. a5 b6 29. a6 b5 30. cxb5 c4 31. Rh8 g5 32. Ra8 Kb6 33. Rb8+ Kc5 34. Rb7 Rf8 35. g4 Rh8 36. Kd2 Rh2+ 37. Kc1 Rg2 38. Rxa7 Kxb5 39. Rc7 Kxa6 40. Rxc4 Kb5 41. Rc6 Rxg4 42. c4+ Kb4 43. Kc2 Rg1 44. c5 dxc5 45. d6 Rg2+ 46. Kd3 Rg1 47. Rb6+ Ka5 48. Rb2 Rd1+ 49. Kc4 Rc1+ 50. Kd5 c4 51. d7 Rd1+ 52. Kc5 Ka4 53. Kxc4 Ka5 54. Rb5+ 1-0

[Event "Privolzhskogo FO-ch"]
[Site "Kazan"]
[Date "2012.02.28"]
[Round "2"]
[White "Derbenev, Andrey"]
[Black "Kozionov, Kirill"]
[Result "0-1"]
[WhiteElo "2345"]
[BlackElo "2209"]
[PlyCount "82"]
[EventDate "2012.02.26"]
[EventType "swiss"]
[EventRounds "9"]
[EventCountry "RUS"]
[SourceTitle "CBM 147 Extra"]
[Source "ChessBase"]
[SourceDate "2012.04.24"]
[SourceVersion "1"]
[SourceVersionDate "2012.04.24"]
[SourceQuality "1"]

1. d4 d5 2. c4 c6 3. Nf3 Nf6 4. e3 Bg4 5. Qb3 Qc7 6. Ne5 Bf5 7. cxd5 cxd5 8. Nc3 e6 9. Bb5+ Nfd7 10. g4 Bg6 11. h4 Nc6 12. Nxd7 Qxd7 13. h5 Be4 14. Nxe4 dxe4 15. Bd2 Rc8 16. Rc1 a6 17. Bf1 Be7 18. Bg2 Qd5 19. Qxb7 0-0 20. 0-0 Bd6 21. f3 Rc7 22. Qxa6 Nxd4 23. f4 Ra8 24. Rxc7 Bxc7 25. Qxa8+ Qxa8 26. exd4 f5 27. gxf5 exf5 28. a3 Qd5 29. Bc3 Bb6 30. Rd1 Qd6 31. a4 Qxf4 32. a5 Ba7 33. a6 Qe3+ 34. Kf1 f4 35. Re1 Qd3+ 36. Kg1 Qg3 37. Re2 f3 38. Rf2 fxg2 39. Rxg2 Qe3+ 40. Kf1 Qd3+ 41. Ke1 Qxa6 0-1

[Event "Chigorin Memorial 19th"]
[Site "St Petersburg"]
[Date "2011.10.22"]
[Round "9"]
[White "Balaian, Alina"]
[Black "Derbenev, Andrey"]
[Result "1-0"]
[WhiteElo "2188"]
[BlackElo "2353"]
[PlyCount "45"]
[EventDate "2011.10.14"]
[EventType "swiss"]
[EventRounds "9"]
[EventCountry "RUS"]
[SourceTitle "CBM 144 Extra"]
[Source "ChessBase"]
[SourceDate "2011.10.28"]
[SourceVersion "1"]
[SourceVersionDate "2011.10.28"]
[SourceQuality "1"]

1. e4 a6 2. d4 c5 3. Nf3 cxd4 4. Nxd4 Nf6 5. Nc3 e5 6. Nb3 Bb4 7. Bd3 d5 8. exd5 Nxd5 9. 0-0 Nxc3 10. bxc3 Be7 11. Qh5 Nc6 12. Re1 g6 13. Qh6 Bf8 14. Qe3 Be7 15. Be4 0-0 16. Bxc6 bxc6 17. Qxe5 Bf6 18. Qc5 Qd5 19. Qe3 Qc4 20. Ba3 Rd8 21. Qe8+ Kg7 22. Bf8+ Kg8 23. Bh6+ 1-0

[Event "Chigorin Memorial 19th"]
[Site "St Petersburg"]
[Date "2011.10.16"]
[Round "3"]
[White "Maiorov, Nikita"]
[Black "Derbenev, Andrey"]
[Result "1-0"]
[WhiteElo "2558"]
[BlackElo "2353"]
[PlyCount "139"]
[EventDate "2011.10.14"]
[EventType "swiss"]
[EventRounds "9"]
[EventCountry "RUS"]
[SourceTitle "CBM 144 Extra"]
[Source "ChessBase"]
[SourceDate "2011.10.28"]
[SourceVersion "1"]
[SourceVersionDate "2011.10.28"]
[SourceQuality "1"]

1. d4 Nf6 2. c4 e6 3. Nc3 c5 4. d5 exd5 5. cxd5 d6 6. Nf3 g6 7. g3 Bg7 8. Bg2 0-0 9. 0-0 Na6 10. h3 Re8 11. Nd2 Rb8 12. a4 Nb4 13. Nc4 Bf5 14. Bf4 Bf8 15. Rc1 a6 16. a5 Nh5 17. Bd2 Bd7 18. Nb6 Bg7 19. g4 Nf6 20. Bf4 Bb5 21. Re1 Qe7 22. Qd2 Rbd8 23. b3 Qf8 24. Bh2 h6 25. Kh1 Qe7 26. Bf4 Kh7 27. Nc4 Bxc4 28. bxc4 Qc7 29. Ra1 Nd7 30. Ra3 Ne5 31. Bxe5 Bxe5 32. Ne4 Qe7 33. f4 Bg7 34. Rf1 Qh4 35. f5 Kg8 36. f6 Bf8 37. Rf4 Re5 38. Kh2 Rde8 39. g5 Rxe4 40. Rxh4 Rxh4 41. Re3 Rxe3 42. Qxe3 hxg5 43. Be4 Rf4 44. Bxg6 Rxf6 45. Bh5 Rf4 46. Qe8 Kg7 47. e3 Rf6 48. Qe4 Rh6 49. Bg4 Rh4 50. Kg2 Rh6 51. Kf1 Rh4 52. Ke2 Rh6 53. Qf5 Be7 54. Qd7 Kf8 55. Qxb7 Rh4 56. Qc8+ Kg7 57. Qe8 Kf6 58. Qd7 Rh8 59. e4 Rd8 60. Qf5+ Kg7 61. e5 dxe5 62. Qxe5+ Bf6 63. Qc7 Re8+ 64. Kd2 Bd4 65. Be6 Rf8 66. d6 Kg6 67. Qe7 Bg7 68. Bd7 g4 69. hxg4 Bh6+ 70. Kd1 1-0